000 00589nam a2200193Ia 4500
001 59517
003 OSt
005 20160315115329.0
008 140520s9999 xx 000 0 und d
020 _aNA
040 _cPK-LaUMT
082 _a 613
_bASL-A
100 _aAslam, Syed
245 _a(احتیات)Ahtiyaat (Urdu)
_c(اسلم ، سید)Aslam, Syed
260 _a(کراچی، پاکستان)Karachi,Pakistan:
_b(سر سید یونیورسٹی آف انجینیر)Sir Syed University of Engineering and Technology,
_c2009
300 _a448 p.
546 _aUR
942 _cBK
_2ddc
999 _c56845
_d56845